Southville International School and Colleges
Your cart is empty.
  • Cart
  • Lists
    Public lists Eva Luna New books Lux_list list_1
    Your lists Log in to create your own lists
  • Log in to your account
  • Your cookies
  • Search history
Southville International School and Colleges
  • Advanced search
  • Recent comments
  • Most popular
  • Libraries

Log in to your account

Log in with GOOGLE


If you do not have an external account, but do have a local account, you can still log in:

  1. Home
  2. MARC view: Ross and Wilson anatomy and physiology colouring and workbook /
Normal view MARC view ISBD view

Ross and Wilson anatomy and physiology colouring and workbook / (Record no. 284537)

[ view plain ]
MARC details
000 -LEADER
fixed length control field 01162cam a22003135i 4500
001 - CONTROL NUMBER
control field 18207590
003 - CONTROL NUMBER IDENTIFIER
control field PILC
005 - DATE AND TIME OF LATEST TRANSACTION
control field 20150601091042.0
008 - FIXED-LENGTH DATA ELEMENTS--GENERAL INFORMATION
fixed length control field 140701s2014 stka 000 0 eng
010 ## - LIBRARY OF CONGRESS CONTROL NUMBER
LC control number 2014395542
020 ## - INTERNATIONAL STANDARD BOOK NUMBER
International Standard Book Number 9789812729613
040 ## - CATALOGING SOURCE
Original cataloging agency DLC
Language of cataloging eng
Transcribing agency DLC
Description conventions rda
042 ## - AUTHENTICATION CODE
Authentication code pcc
050 ## - LIBRARY OF CONGRESS CALL NUMBER
Classification number RT 69
Item number .W354 2012
100 1# - MAIN ENTRY--PERSONAL NAME
Personal name Waugh, Anne,
Relator term author.
245 10 - TITLE STATEMENT
Title Ross and Wilson anatomy and physiology colouring and workbook /
Statement of responsibility, etc Anne Waugh, Allison Grant ; illustrations by Graeme Chambers.
246 30 - VARYING FORM OF TITLE
Title proper/short title Anatomy and physiology colouring and workbook
250 ## - EDITION STATEMENT
Edition statement 3rd edition.
260 ## - PUBLICATION, DISTRIBUTION, ETC. (IMPRINT)
Place of publication, distribution, etc Edinburgh :
Name of publisher, distributor, etc Elsevier,
Date of publication, distribution, etc 2012.
300 ## - PHYSICAL DESCRIPTION
Extent 325 pages :
Dimensions 28 cm.
Other physical details illustrations ;
500 ## - GENERAL NOTE
General note Previous edition: Edinburgh: Churchill Livingstone Elsevier, 2010.
650 #0 - SUBJECT ADDED ENTRY--TOPICAL TERM
Topical term or geographic name as entry element Human anatomy
Form subdivision Problems, exercises, etc.
650 #0 - SUBJECT ADDED ENTRY--TOPICAL TERM
Topical term or geographic name as entry element Human physiology
Form subdivision Problems, exercises, etc.
700 1# - ADDED ENTRY--PERSONAL NAME
Personal name Grant, Allison
Fuller form of name (Allison Wynn),
Dates associated with a name 1961-
Relator term author.
700 1# - ADDED ENTRY--PERSONAL NAME
Personal name Chambers, Graeme,
Relator term illustrator.
906 ## - LOCAL DATA ELEMENT F, LDF (RLIN)
a 0
b ibc
c origres
d 2
e ncip
f 20
g y-gencatlg
942 ## - ADDED ENTRY ELEMENTS (KOHA)
Source of classification or shelving scheme Library of Congress Classification
Koha item type Books
Call number prefix Foreign
Holdings
Withdrawn status Lost status Source of classification or shelving scheme Damaged status Home library Current library Shelving location Date acquired Source of acquisition Cost, normal purchase price Total Checkouts Full call number Barcode Date last seen Price effective from Koha item type
    Library of Congress Classification   College Library College Library Reserve Section 06/01/2015 Library Fund 848.00   RT 69 .W354 2012 C19458 05/15/2018 06/01/2015 Books

Ross and Wilson anatomy and physiology colouring and workbook /

APA

Waugh A., Grant A. & Chambers G. (2012). Ross and Wilson anatomy and physiology colouring and workbook. Edinburgh: Elsevier.

Chicago

Waugh Anne, Grant Allison and Chambers Graeme. 2012. Ross and Wilson anatomy and physiology colouring and workbook. Edinburgh: Elsevier.

Harvard

Waugh A., Grant A. and Chambers G. (2012). Ross and Wilson anatomy and physiology colouring and workbook. Edinburgh: Elsevier.

MLA

Waugh Anne, Grant Allison and Chambers Graeme. Ross and Wilson anatomy and physiology colouring and workbook. Edinburgh: Elsevier. 2012.

  • Place hold
  • Print
  • Cite
  • Add to your cart (remove)
  • Save record
    BIBTEX Dublin Core MARCXML MARC (non-Unicode/MARC-8) MARC (Unicode/UTF-8) MARC (Unicode/UTF-8, Standard) MODS (XML) RIS
  • More searches
    Search for this title in:
    Other Libraries (WorldCat) Other Databases (Google Scholar) Online Stores (Bookfinder.com) Open Library (openlibrary.org)

Exporting to Dublin Core...

SOUTHVILLE LIBRARY

Southville International School and Colleges Library

1281 Tropical Ave. Cor. Luxembourg St., BF Homes International, Las Pinas City

Tel. No. 8256374 / 252358 Loc. 117/146

Powered by Koha